<?xml version="1.0" encoding="UTF-8"?>
<record
    xmlns:xsi="http://www.w3.org/2001/XMLSchema-instance"
    xsi:schemaLocation="http://www.loc.gov/MARC21/slim http://www.loc.gov/standards/marcxml/schema/MARC21slim.xsd"
    xmlns="http://www.loc.gov/MARC21/slim">

  <leader>00527nam a2200181   4500</leader>
  <controlfield tag="001">sa 65002255 </controlfield>
  <controlfield tag="003">DLC</controlfield>
  <controlfield tag="005">20260227112115.0</controlfield>
  <controlfield tag="008">950620s1963    br a          000 0 buro </controlfield>
  <datafield tag="010" ind1=" " ind2=" ">
    <subfield code="a">sa 65002255 //r95</subfield>
  </datafield>
  <datafield tag="040" ind1=" " ind2=" ">
    <subfield code="a">DLC</subfield>
    <subfield code="c">DLC</subfield>
    <subfield code="d">DLC</subfield>
  </datafield>
  <datafield tag="050" ind1="0" ind2="0">
    <subfield code="a">PL3988.T52</subfield>
    <subfield code="b">B4</subfield>
  </datafield>
  <datafield tag="100" ind1="0" ind2="0">
    <subfield code="a">Thein Han,</subfield>
    <subfield code="c">U,</subfield>
    <subfield code="d">1908-</subfield>
  </datafield>
  <datafield tag="245" ind1="1" ind2="0">
    <subfield code="a">Bei da l&#x101;n k&#x1EA1;bya my&#x101;.</subfield>
    <subfield code="b">[y&#x113;u thu] Zawgyi.</subfield>
  </datafield>
  <datafield tag="260" ind1="0" ind2=" ">
    <subfield code="a">[Yan kon]</subfield>
    <subfield code="b">Yan kon Takk&#x1EA1;tho K&#x1EA1;laung &#x1EA0; th&#x12B;n,</subfield>
    <subfield code="c">1963.</subfield>
  </datafield>
  <datafield tag="300" ind1=" " ind2=" ">
    <subfield code="a">4 [i.e. 41] p.</subfield>
    <subfield code="b">col. illus.</subfield>
    <subfield code="c">18 cm.</subfield>
  </datafield>
  <datafield tag="500" ind1=" " ind2=" ">
    <subfield code="a">In Burmese.</subfield>
  </datafield>
  <datafield tag="999" ind1=" " ind2=" ">
    <subfield code="c">62551</subfield>
    <subfield code="d">62551</subfield>
  </datafield>
</record>
